Cell Stress & Chaperones

محفوظ في:

التنسيق: دورية

اللغة: Undetermined

منشور في: JSTOR
Cell Stress Society International

الموضوعات:

الوصول للمادة أونلاين: Login to view Source

الوسوم: إضافة وسم

لا توجد وسوم, كن أول من يضع وسما على هذه التسجيلة!

رقم الطلب:

LEADER 00569nas a2200181Ia 4500
008 220214c99999999xx |||||||||||| ||und||
022 |a 1355-8145 
022 |a 1466-1268 
245 0 0 |a Cell Stress & Chaperones 
264 1 |b JSTOR 
264 1 |b Cell Stress Society International 
362 0 |a Vol. 1(1996)-24 (2019) 
653 1 0 |a Developmental & Cell Biology 
653 1 0 |a Science & Mathematics 
856 4 0 |u https://www.jstor.org/journal/cellstrechap 
942 |c JL 
952 |0 0  |1 0  |4 0  |7 1  |9 34494  |a JSR  |b JSR  |d 2022-02-14  |l 0  |r 2022-02-14 00:00:00  |w 2022-02-14  |y JL 
999 |c 42827  |d 42827